Špecifiká hospodárenia a financovania verejnej správy v podmienkach Slovenskej republiky
Charakteristika verejnej správy na Slovensku. Verejná správa v EÚ. Efektívnosť v súkromnom a verejnom sektore. Špecifiká financovania rozpočtovej organizácie v Slovenskej republike, zásady financovania.
Salvato in:
| Autore principale: | |
|---|---|
| Altri autori: | |
| Natura: | Capitolo di libro |
| Lingua: | slovacco |
| Soggetti: | |
| Tags: |
Nessun Tag, puoi essere il primo ad aggiungerne!!
|
MARC
| LEADER | 00000nla a2200000 4500 | ||
|---|---|---|---|
| 001 | 0151043 | ||
| 005 | 20221103131336.2 | ||
| 041 | 0 | |a slo | |
| 044 | |a SK | ||
| 245 | 1 | 0 | |a Špecifiká hospodárenia a financovania verejnej správy v podmienkach Slovenskej republiky |c Katarína Čulková, Martina Pašková |
| 520 | |a Charakteristika verejnej správy na Slovensku. Verejná správa v EÚ. Efektívnosť v súkromnom a verejnom sektore. Špecifiká financovania rozpočtovej organizácie v Slovenskej republike, zásady financovania. | ||
| 610 | 2 | 0 | |a správa verejná |
| 610 | 2 | 0 | |a financovanie |
| 610 | 2 | 0 | |a organizácie rozpočtové |
| 610 | 2 | 0 | |a sektor súkromný |
| 610 | 2 | 0 | |a sektor verejný |
| 610 | 2 | 0 | |a Slovensko |
| 610 | 2 | 0 | |a Európska únia |
| 100 | 1 | |a Čulková, Katarína | |
| 700 | 1 | |a Pašková, Martina | |